The architecture of Herod, the great builder / (Record no. 11045)

MARC details
000 -LEADER
fixed length control field 01359cam a22003374a 4500
001 - CONTROL NUMBER
control field 15495742
003 - CONTROL NUMBER IDENTIFIER
control field GBCCL
005 - DATE AND TIME OF LATEST TRANSACTION
control field 20251118115929.0
008 - FIXED-LENGTH DATA ELEMENTS--GENERAL INFORMATION
fixed length control field 081023s2008 miua b 001 0 eng
020 ## - INTERNATIONAL STANDARD BOOK NUMBER
International Standard Book Number 9780801036125
Qualifying information pbk.
035 ## - SYSTEM CONTROL NUMBER
System control number 15495742
040 ## - CATALOGING SOURCE
Original cataloging agency DLC
Transcribing agency DLC
Modifying agency DLC
082 00 - DEWEY DECIMAL CLASSIFICATION NUMBER
Classification number 722.70933
Edition information 22
Item number NET 1
100 1# - MAIN ENTRY--PERSONAL NAME
Personal name Netzer, Ehud.
245 14 - TITLE STATEMENT
Title The architecture of Herod, the great builder /
Statement of responsibility, etc. Ehud Netzer ; with the assistance of Rachel Laureys-Chachy.
260 ## - PUBLICATION, DISTRIBUTION, ETC.
Place of publication, distribution, etc. Grand Rapids, MI :
Name of publisher, distributor, etc. Baker Academic,
Date of publication, distribution, etc. 2008.
300 ## - PHYSICAL DESCRIPTION
Extent xix, 443 p. :
Other physical details ill. ;
Dimensions 23 cm.
336 ## - CONTENT TYPE
Content type term text
Content type code txt
Source rdacontent
337 ## - MEDIA TYPE
Media type term unmediated
Media type code n
Source rdamedia
338 ## - CARRIER TYPE
Carrier type term volume
Carrier type code nc
Source rdacarrier
500 ## - GENERAL NOTE
General note Hardcover edition first published: Tübingen : Mohr Siebeck, 2006.
504 ## - BIBLIOGRAPHY, ETC. NOTE
Bibliography, etc. note Includes bibliographical references and index.
600 00 - SUBJECT ADDED ENTRY--PERSONAL NAME
Personal name Herod
Numeration I,
Titles and other words associated with a name King of Judea,
Dates associated with a name 73 B.C.-4 B.C.
650 #0 - SUBJECT ADDED ENTRY--TOPICAL TERM
Topical term or geographic name entry element Architecture, Roman
Geographic subdivision Palestine.
651 #0 - SUBJECT ADDED ENTRY--GEOGRAPHIC NAME
Geographic name Palestine
General subdivision Antiquities, Roman.
700 1# - ADDED ENTRY--PERSONAL NAME
Personal name Laureys-Chachy, Rachel.
906 ## - LOCAL DATA ELEMENT F, LDF (RLIN)
a 7
b cbc
c orignew
d 1
e ecip
f 20
g y-gencatlg
942 ## - ADDED ENTRY ELEMENTS (KOHA)
Source of classification or shelving scheme Dewey Decimal Classification
Koha item type Books
Suppress in OPAC No
Holdings
Withdrawn status Lost status Source of classification or shelving scheme Damaged status Not for loan Home library Current Library Shelving location Date acquired Total checkouts Full call number Barcode Date last seen Copy number Price effective from Koha item type
    Dewey Decimal Classification     GRACE BIBLE COLLEGE GRACE BIBLE COLLEGE General Studies 2025-11-18   722.70933 NET 017325 2025-11-18 c.1 2025-11-18 Books
© Grace Bible College Library 2025